Tipificación y análisis de los sistemas agropecuarios predominantes del partido de Bahía Blanca y elaboración de modelos mejorados /
Guardado en:
| Otros Autores: | , , |
|---|---|
| Formato: | Libro |
| Idioma: | Spanish |
| Publicado: |
Bahía Blanca :
Universidad Nacional del Sur, Departamento de Agronomía : Municipalidad de la Ciudad de Bahía Blanca,
1992.
|
| Etiquetas: |
Agregar Etiqueta
Sin Etiquetas, Sea el primero en etiquetar este registro!
|
| LEADER | 00825nam a22001695a 4500 | ||
|---|---|---|---|
| 001 | EEA.libagro005146 | ||
| 005 | 20181003120316.0 | ||
| 008 | 130809s1992####ag#a##########000#0#spa#d | ||
| 082 | 0 | 4 | |a 338.16 |
| 245 | 1 | 0 | |a Tipificación y análisis de los sistemas agropecuarios predominantes del partido de Bahía Blanca y elaboración de modelos mejorados / |c Alfredo Gargano, Miguel Ángel Adúriz, María Cecilia Saldungaray. |
| 260 | |a Bahía Blanca : |b Universidad Nacional del Sur, Departamento de Agronomía : |b Municipalidad de la Ciudad de Bahía Blanca, |c 1992. | ||
| 300 | |a 55 h. : |b il. ; |c 28 cm. | ||
| 700 | 1 | |a Gargano, Alfredo O. | |
| 700 | 1 | |a Adúriz, Miguel A. | |
| 700 | 1 | |a Saldungaray, María Cecilia. | |
| 859 | |a AR-BbBCA |b BIB. AGRONOMIA |h 338.16 |i G231-1 |p 1995/2417 | ||
| 859 | |a AR-BbBCA |b BIB. AGRONOMIA |h 338.16 |i G231-1 |p 1995/2418 |t Ej.2 | ||
